[Event "25th Politiken Cup"]
[Site "Copenhagen DEN"]
[Date "2003.07.16"]
[Round "3"]
[White "Tallaksen,G"]
[Black "Hector,J"]
[Result "1/2-1/2"]
[WhiteElo "2285"]
[BlackElo "2538"]

1.d4 d5 2.c4 e6 3.Nf3 Nf6 4.Nc3 c6 5.e3 Nbd7 6.Bd3 a6 7.e4 dxc4 8.Bxc4 c5
9.e5 Ng4 10.Be3 Qc7 11.Qe2 cxd4 12.Bxd4 Bc5 13.Bxc5 Qxc5 14.O-O Ngxe5 15.Ne4 Qe7
16.Bb3 O-O 17.Rac1 Nxf3+ 18.Qxf3 Ne5 19.Qg3 Nc6 20.Rfd1 e5 21.f4 Nd4 22.Bc4 b5
23.Bf1 Nf5 24.Qf2 Bb7 25.Re1 Rac8 26.Rxc8 Bxc8 27.fxe5 Qxe5 28.Ng3 Qd5 29.Nxf5 Bxf5
30.a4 bxa4 31.Bxa6 g6 32.Be2 Rb8 33.Bf3 Qa5 34.h3 Rb4 35.Re8+ Kg7 36.Qe3 Qc7
37.Kh1 Be6 38.Qd2 Rc4 39.Rd8 Qe5 40.Rd3 Qc5 41.Qe2 h5 42.Rd1 h4 43.Bd5 Bxd5
44.Qe5+ Kf8 45.Qxd5 Qxd5 46.Rxd5 Rb4 47.Ra5 Ke7 48.Ra7+ Ke6 49.Kg1 Rf4 50.b3 axb3
51.Rb7 Re4 52.Rxb3 Ke5 53.Ra3 f5 54.Kf2 Rc4 55.Re3+ Kf4 56.Rf3+ Kg5 57.Ra3 Rc2+
58.Kg1 Rd2 59.Rb3 Ra2 60.Rc3 Re2 61.Ra3 Kf4 62.Ra4+ Re4 63.Ra3 Re3 64.Ra6 g5
65.Kf2 Re4 66.Ra3 Rc4 67.Rb3 Rc2+ 68.Kf1 Rd2 69.Ra3 Ke4 70.Ra8 Ke3 71.Re8+ Kf4
72.Kg1 Ra2 73.Re1 g4 74.hxg4 fxg4 75.Rb1 Re2 76.Rb4+ Re4 77.g3+ hxg3 78.Rxe4+ Kxe4
79.Kg2 Kf4 80.Kg1 Kf3 81.Kf1 g2+ 82.Kg1 g3  1/2-1/2

[Event "25th Politiken Cup"]
[Site "Copenhagen DEN"]
[Date "2003.07.16"]
[Round "3"]
[White "Michelakis,G"]
[Black "Kongsted,C"]
[Result "1-0"]
[WhiteElo "2405"]
[BlackElo "2246"]

1.d4 d5 2.c4 c6 3.Nf3 Nf6 4.e3 e6 5.Nc3 Nbd7 6.Qc2 b6 7.Bd3 Bb7 8.O-O Be7
9.b3 dxc4 10.bxc4 c5 11.Ne5 O-O 12.Bb2 Rc8 13.Rad1 cxd4 14.exd4 a6 15.a4 Re8
16.f4 g6 17.Kh1 Bf8 18.Qf2 Bg7 19.d5 exd5 20.Nxd5 Nxd5 21.cxd5 Rc5 22.Nc6 Bxc6
23.dxc6 Rxc6 24.Bxg7 Kxg7 25.Bxa6 Rc7 26.Bb5 Re7 27.Rd6 f6 28.Rfd1 Qc8 29.h3 Nc5
30.Qd4 Re6 31.Rd8 Qb7 32.Bc4 Re4 33.Rg8+ Kh6 34.Qxf6 Kh5 35.Qg5+  1-0

[Event "Masters"]
[Site "Saint Lo FRA"]
[Date "2003.07.16"]
[Round "8"]
[White "Berube,R"]
[Black "Mateuta,G"]
[Result "1/2-1/2"]
[WhiteElo "2305"]
[BlackElo "2435"]

1.d4 Nf6 2.Nf3 d5 3.c4 c6 4.e3 e6 5.Nc3 Nbd7 6.Qc2 Bd6 7.b3 O-O 8.Be2 dxc4
9.bxc4 e5 10.O-O Re8 11.Re1 Qe7 12.a4 e4 13.Nd2 c5 14.Nf1 a6 15.Bb2 Nf8 16.Rad1 Ng6
17.Ba3 Nh4 18.Ng3 Bf5 19.dxc5 Bxc5 20.Nd5 Nxd5 21.Bxc5 Qxc5 22.Rxd5 Qc8 23.Nxf5 Nxf5
24.h3 Nh4 25.Red1 Qe6 26.Rd6 Qe5 27.R6d5 Qf6 28.Rd6 Qg5 29.Bf1 Re5 30.R6d5 h6
31.Qb2 Rxd5 32.Rxd5 Qe7 33.Re5 Qc7 34.Rxe4 Ng6 35.c5 Rc8 36.Rb4 Ne5 37.Rxb7 Qxc5
38.Rb4 Rc6 39.Rb8+ Kh7 40.Qb1+ g6 41.Qb4 Qxb4 42.Rxb4 Kg7 43.f4 Nd7 44.Kf2 Rc2+
45.Kf3 Nc5 46.Rc4 Rxc4 47.Bxc4 Nxa4 48.Bxa6 f5 49.g4 Nc5 50.Bc4 Kf6 51.Bd5 fxg4+
52.hxg4 g5 53.Ke2 Ke7 54.Kd2 Kd6 55.Bf3 Ne6 56.f5 Nf8 57.Kd3 Ke5 58.Kc4 Nd7  1/2-1/2

[Event "BCSA Open"]
[Site "Batumi GEO"]
[Date "2003.07.17"]
[Round "1"]
[White "Shengelia,D"]
[Black "Aginian,N"]
[Result "1-0"]
[WhiteElo "2486"]
[BlackElo "2170"]

1.d4 d5 2.Nf3 c6 3.e3 Nf6 4.c4 e6 5.Nc3 Nbd7 6.Bd3 dxc4 7.Bxc4 b5 8.Bd3 Bb7
9.O-O b4 10.Na4 c5 11.dxc5 Bxc5 12.Nxc5 Nxc5 13.Bb5+ Ke7 14.Nd4 Qb6 15.Bd2 a5
16.a3 Nd5 17.Qg4 Nf6 18.Qe2 b3 19.f3 Rhd8 20.a4 Kf8 21.Ra3 Bd5 22.e4 e5 23.exd5 exd4
24.Bc6 Ra7 25.Qc4 Rc7 26.Rc1 Ncd7 27.Rxb3 Qa7 28.Rb5 Ne5 29.Qc5+ Qxc5 30.Rbxc5 Nd3
31.Bxa5 Nxc1 32.Bxc7 Nd3 33.Bxd8 Nxc5 34.Bb6  1-0

[Event "BCSA Open"]
[Site "Batumi GEO"]
[Date "2003.07.17"]
[Round "1"]
[White "Makharadze,J"]
[Black "Kodua,D"]
[Result "1-0"]
[WhiteElo "2341"]
[BlackElo "2260"]

1.d4 d5 2.c4 c6 3.Nf3 Nf6 4.e3 e6 5.Nc3 Nbd7 6.Qc2 Be7 7.b3 O-O 8.Bb2 b6
9.Bd3 Bb7 10.O-O Rc8 11.Rad1 Qc7 12.Qe2 c5 13.Ne5 dxc4 14.bxc4 Nxe5 15.dxe5 Ne8
16.f4 f5 17.exf6 Bxf6 18.Nb5 Qe7 19.Nxa7 Ra8 20.Bxf6 Nxf6 21.Nb5 e5 22.e4 exf4
23.Rxf4 Nd7 24.Rxf8+ Rxf8 25.Nc3 Ne5 26.Nd5 Qh4 27.Qe3 Bxd5 28.exd5 Nxc4
29.Bxc4 Qxc4 30.d6 Qa4 31.Qe6+ Kh8 32.Qd5 Qd7 33.h3 h6 34.Re1 Re8 35.Re7 Qb5
36.d7 Qb1+ 37.Kh2 Qg6 38.Re6 Qf7 39.Rxh6+ Kg8 40.Rh8+  1-0

[Event "Open"]
[Site "Mariupol UKR"]
[Date "2003.07.17"]
[Round "7"]
[White "Tishin,D"]
[Black "Serik,M"]
[Result "1-0"]
[WhiteElo "2310"]
[BlackElo "2173"]

1.d4 d5 2.c4 c6 3.Nf3 Nf6 4.e3 e6 5.Nc3 Bd6 6.Qc2 Nbd7 7.Be2 O-O 8.O-O Qe7
9.Rd1 dxc4 10.Bxc4 e5 11.Bb3 Bb4 12.Bd2 a5 13.a3 Bd6 14.h3 b5 15.Ng5 Bb7
16.Nce4 exd4 17.exd4 h6 18.Re1 hxg5 19.Bxg5 a4 20.Ba2 Qxe4 21.Rxe4 Nxe4 22.Qxe4 Rae8
23.Qg4 Bc8 24.Bh6  1-0

[Event "24th Open"]
[Site "Bled SLO"]
[Date "2003.07.18"]
[Round "6"]
[White "Raspor,G"]
[Black "Lundvik,J"]
[Result "1-0"]
[WhiteElo "2155"]
[BlackElo "2253"]

1.d4 d5 2.c4 c6 3.Nf3 Nf6 4.Nc3 e6 5.e3 Nbd7 6.Bd3 dxc4 7.Bxc4 b5 8.Bd3 Bb7
9.O-O a6 10.e4 b4 11.e5 bxc3 12.exf6 Nxf6 13.bxc3 Be7 14.Rb1 Rb8 15.Bf4 Bd6
16.Bxd6 Qxd6 17.Qa4 Nd5 18.Rb3 O-O 19.Rfb1 Qc7 20.Qa3 h6 21.Qb2 Qf4 22.c4 Nf6
23.Rxb7 Rbd8 24.Qc1 Qg4 25.h3 Qh5 26.Qf4 c5 27.Rb8 e5 28.dxe5 Rxb8 29.Rxb8 Rxb8
30.exf6 Rd8 31.Bc2 gxf6 32.Bf5 Rd1+ 33.Kh2 Rf1 34.g4 Rxf2+ 35.Kg3 Rxf3+ 36.Qxf3 Qg5
37.Qf4 Qg7 38.Qb8+ Qf8 39.Qxf8+  1-0

[Event "25th Politiken Cup"]
[Site "Copenhagen DEN"]
[Date "2003.07.18"]
[Round "5"]
[White "Johannessen,LE"]
[Black "Simonsen,H"]
[Result "1-0"]
[WhiteElo "2525"]
[BlackElo "2233"]

1.d4 d5 2.c4 c6 3.Nf3 Nf6 4.Nc3 e6 5.e3 Nbd7 6.Bd3 dxc4 7.Bxc4 b5 8.Bd3 Bb7
9.e4 b4 10.Na4 c5 11.e5 Nd5 12.O-O h6 13.Re1 Rc8 14.Qe2 Qa5 15.Nxc5 Bxc5
16.dxc5 Nxc5 17.Bb5+ Bc6 18.Bc4 Nb6 19.Bd2 Nxc4 20.Qxc4 Bxf3 21.gxf3 Qa6
22.Qg4 g6 23.Rec1 Nd3 24.Rxc8+ Qxc8 25.Bxb4 g5 26.Qe4 Nf4 27.Bd6 Nd5 28.Qa4+ Qd7
29.Qa6 f5 30.exf6 Kf7 31.Rc1 Kxf6 32.Rc6 Rd8 33.Qc4 Kf7 34.Be5 Qb7 35.Qc2 Ne7
36.Rc7 Qb4 37.Qh7+ Ke8 38.Qh8+ Kf7 39.Qxd8  1-0

[Event "KB Czech Open"]
[Site "Pardubice CZE"]
[Date "2003.07.18"]
[Round "1"]
[White "Babula,V"]
[Black "Cernousek,L"]
[Result "1-0"]
[WhiteElo "2550"]
[BlackElo "2293"]

1.d4 d5 2.c4 c6 3.Nf3 Nf6 4.Nc3 e6 5.e3 Nbd7 6.Qc2 Bd6 7.b3 O-O 8.Be2 Re8
9.O-O Qc7 10.h3 e5 11.dxe5 Nxe5 12.cxd5 Nxd5 13.Nxd5 cxd5 14.Qxc7 Bxc7 15.Bb2 Nxf3+
16.Bxf3 Be6 17.Rac1 Rac8 18.Rfd1 Red8 19.Rd3 Bb6 20.Rxc8 Rxc8 21.Bxd5 Rc2
22.Bxe6 Rxb2 23.Bc4 Rxa2 24.Rd7  1-0

[Event "KB Czech Open"]
[Site "Pardubice CZE"]
[Date "2003.07.18"]
[Round "1"]
[White "Neverov,V"]
[Black "Duskuzhanov,D"]
[Result "1-0"]
[WhiteElo "2566"]
[BlackElo "2303"]

1.d4 d5 2.c4 e6 3.Nc3 c6 4.e3 Nf6 5.Nf3 Nbd7 6.Qc2 Bd6 7.b3 Qe7 8.Bb2 Ba3
9.Bxa3 Qxa3 10.Bd3 Qe7 11.O-O O-O 12.Ne5 Rd8 13.f4 Nf8 14.c5 N6d7 15.b4 f6
16.Nf3 e5 17.e4 exd4 18.Nxd4 dxe4 19.Bc4+  1-0

[Event "25th Politiken Cup"]
[Site "Copenhagen DEN"]
[Date "2003.07.19"]
[Round "6"]
[White "Simonsen,H"]
[Black "Brinck Claussen,B"]
[Result "1/2-1/2"]
[WhiteElo "2233"]
[BlackElo "2355"]

1.d4 d5 2.c4 c6 3.Nf3 Nf6 4.Nc3 e6 5.e3 Nbd7 6.Bd3 dxc4 7.Bxc4 b5 8.Be2 Bb7
9.O-O b4 10.Na4 Be7 11.Bd2 O-O 12.Rc1 Rc8 13.Qb3 a5 14.Rfd1 c5 15.dxc5 Bd5
16.Bc4 Nxc5 17.Nxc5 Rxc5 18.Ne5 Bxc4 19.Nxc4 Qc7 20.Qd3 Rd8 21.Qe2 Ne4 22.b3 Bf6
23.h3 Bc3 24.Bxc3 Nxc3 25.Rxd8+ Qxd8 26.Qc2 a4 27.Kh1 a3 28.e4 h6 29.Re1 Qd4
30.Kh2 e5 31.Re3 Nb5 32.Qe2 Qd8 33.Rd3 Qg5 34.Rd7 Nd4 35.Qe1 Qf4+ 36.Kh1 Nc2
37.Qe2 Nd4 38.Qe1 Nc2 39.Rd8+ Kh7 40.Qe2 Qc1+ 41.Kh2 Nd4 42.Qg4 Rxc4 43.bxc4 b3
44.Rxd4 exd4  1/2-1/2

[Event "Intel Pentium4"]
[Site "Milan ITA"]
[Date "2003.07.19"]
[Round "6"]
[White "Borgo,G"]
[Black "Lazic,Mi"]
[Result "0-1"]
[WhiteElo "2423"]
[BlackElo "2506"]

1.d4 d5 2.c4 e6 3.Nc3 c6 4.e3 Nf6 5.Nf3 Nbd7 6.Bd3 Be7 7.O-O O-O 8.Qe2 b6
9.b3 Bb7 10.Bb2 Qc7 11.Rac1 Rad8 12.Rfd1 Rfe8 13.Ne5 dxc4 14.Nxc4 c5 15.Qf1 Ng4
16.f4 cxd4 17.exd4 Qb8 18.h3 Ngf6 19.f5 e5 20.Ne2 exd4 21.Bxd4 Bc5 22.Bc2 Nd5
23.Qf2 Bxd4 24.Rxd4 b5 25.Na5 Ba8 26.Be4 Qb6 27.b4 N7f6 28.Ng3 Nxe4 29.Nxe4 Nxb4
30.Rxb4 Qxa5 31.Qf4 Bxe4 32.Rxe4 Rxe4 33.Qxe4 Qxa2 34.Qd4 Qa5 35.Qe5 Qb6+
36.Kh1 b4 37.Rc5 h6 38.Rb5 Rd1+ 39.Kh2 Qg1+ 40.Kg3 Rd3+ 41.Kh4 Qxg2  0-1

[Event "TCh-Europe u18 girls"]
[Site "Balatonlelle HUN"]
[Date "2003.07.20"]
[Round "2"]
[White "Fey,F"]
[Black "Yilmaz,Ez"]
[Result "0-1"]
[WhiteElo "2041"]
[BlackElo "2000"]

1.d4 d5 2.c4 c6 3.Nf3 Nf6 4.Nc3 e6 5.e3 Nbd7 6.Bd3 dxc4 7.Bxc4 b5 8.Bd3 Bb7
9.O-O a6 10.Bd2 c5 11.Rc1 Bd6 12.Bb1 O-O 13.Qe2 Re8 14.Rfd1 Qb6 15.dxc5 Bxc5
16.Ng5 Be7 17.Nge4 Nf8 18.Nxf6+ Bxf6 19.b4 Rad8 20.e4 Bd4 21.e5 Ng6 22.Bg5 Rc8
23.Qd2 Bxe5 24.Be3 Qd8 25.Qe2 Qh4 26.g3 Qxb4 27.Rd7 Bc6 28.Rd3 Ba8 29.Bd2 Qe7
30.Rd1 Qb7 31.f3 Bb8 32.Ne4 Ne5 33.Rb3 Nc4 34.Be1 h6 35.Bf2 Qe7 36.a4 Na5
37.Rbd3 Bxe4 38.Qxe4 Rc4 39.Rd4 f5 40.Qe2 Rxd4 41.Rxd4 Ba7 42.axb5 Bxd4 43.Bxd4 axb5
44.Qxb5 Ra8 45.Ba2 Nc6 46.Bc5 Qd7 47.Qc4 Qd1+ 48.Kg2 Qd2+ 49.Bf2 Rxa2 50.Qxe6+ Kh8
51.Qc8+ Nd8 52.Qc5 Qxf2+ 53.Qxf2 Rxf2+ 54.Kxf2 g6 55.Ke3 Ne6 56.Kd3 Kg7 57.h4 Kf6  0-1

[Event "BCSA Open"]
[Site "Batumi GEO"]
[Date "2003.07.20"]
[Round "4"]
[White "Chibukhchian,A"]
[Black "Bagaturov,G"]
[Result "1/2-1/2"]
[WhiteElo "2370"]
[BlackElo "2462"]

1.d4 Nf6 2.Nf3 e6 3.e3 d5 4.c4 c6 5.Nc3 a6 6.a4 c5 7.Bd3 Nc6 8.O-O dxc4 9.Bxc4 Be7
10.b3 O-O 11.Bb2 cxd4 12.exd4 Na5 13.Bd3 b6 14.Ne5 Bb7 15.Bc2 Nd5 16.Re1 f5
17.Nxd5 Qxd5 18.f3 Rfe8 19.Nc4 Qc6 20.Nxa5 bxa5 21.Bd3 Bb4 22.Re5 Bd6 23.Re2 Qc7
24.h3 Bd5 25.Rc1 Qf7 26.Bc4 Qg6 27.Qf1  1/2-1/2

[Event "24th Open"]
[Site "Bled SLO"]
[Date "2003.07.20"]
[Round "9"]
[White "Lundvik,J"]
[Black "Nikolic,Stank"]
[Result "1/2-1/2"]
[WhiteElo "2253"]
[BlackElo "2049"]

1.d4 d5 2.Nf3 Nf6 3.c4 c6 4.Nc3 e6 5.e3 Nbd7 6.Bd3 dxc4 7.Bxc4 b5 8.Bd3 Bb7
9.O-O a6 10.e4 c5 11.d5 c4 12.Bc2 Qc7 13.Re1 e5 14.h3 h6 15.Nh4 g6 16.f4 Bd6
17.Nf3 O-O-O 18.fxe5 Nxe5 19.Be3 g5 20.Nd4 Rdg8 21.Rf1 Rg6 22.Rc1 Kb8 23.Nf5 Bc5
24.Bxc5 Qxc5+ 25.Qd4 Qxd4+ 26.Nxd4 g4 27.h4 g3 28.Nf3 Re8 29.Nxe5 Rxe5 30.Rf4 Ng4
31.Ne2 Ne3 32.Nd4 Rg4 33.Rxg4 Nxg4 34.Nf5 Bc8 35.Nxg3 Ne3 36.Bb1 Bg4 37.b3 Kc7
38.bxc4 bxc4 39.Rc3 Nd1 40.Rxc4+ Kd8 41.Rc5 Re7 42.Bd3 Rb7 43.Rc1 Rb2 44.Rc2 Rb6
45.Nf1 a5 46.e5 a4 47.Kh2 a3 48.Kg3 Bh5 49.Rd2 Nc3 50.Ne3 Rb2 51.Rc2 Nxa2
52.Rxb2 axb2 53.Nc4 Nc3 54.Nxb2 Nxd5 55.Nc4 Kc7 56.Bf5 Be2  1/2-1/2

[Event "11th Open"]
[Site "St Affrique FRA"]
[Date "2003.07.20"]
[Round "3"]
[White "Gozzoli,Y"]
[Black "Flear,G"]
[Result "1-0"]
[WhiteElo "2445"]
[BlackElo "2527"]

1.d4 d5 2.c4 e6 3.Nc3 c6 4.e3 Nf6 5.Nf3 Nbd7 6.Qc2 Bd6 7.g4 Bb4 8.Bd2 Qe7
9.g5 Bxc3 10.Bxc3 Ne4 11.Bd3 Nxc3 12.Qxc3 O-O 13.cxd5 exd5 14.Qc2 g6 15.Rc1 c5
16.dxc5 Ne5 17.Nxe5 Qxe5 18.Qc3 Qxg5 19.Qd4 Qg2 20.Rf1 Bh3 21.Kd2 Rfe8 22.Qf4 g5
23.Qd4 Qxh2 24.Qf6 Bxf1 25.Qxg5+ Kf8 26.Rxf1 Qe5 27.Qh6+ Qg7 28.Qd6+ Re7
29.Kc2 Rc8 30.Rh1 Rc6 31.Qb8+ Re8 32.Qxb7 Rxc5+ 33.Kb1 Qg2 34.Rf1 Rec8 35.a3 R8c7
36.Qb4 Qg5 37.Qd4 h5 38.Rh1 Rc8 39.Ka2 Ke7 40.Be2 Qf6 41.Qb4 a5 42.Qb7+ R8c7
43.Qb8 h4 44.Bb5 Rc8 45.Qa7+ Kf8 46.Qxa5 Qh6 47.Qb4 Qe6 48.Rc1 d4+ 49.Bc4 Qd6
50.Bb3 d3 51.Rh1 R5c6 52.Qxh4 Rc1 53.Qh7 Qg6 54.Qh8+ Qg8 55.Qh6+ Qg7 56.Qd6+ Kg8
57.Rxc1 Rxc1 58.Qd8+ Kh7 59.Qxd3+ Qg6 60.e4 Kg7 61.Bd5 Qg1 62.Qg3+ Qxg3 63.fxg3 Kf6
64.a4 Rc7 65.a5 Ra7 66.b4 Ke5 67.g4 f6 68.Kb3 Kd6 69.Ka4  1-0

[Event "18th Touraine Open"]
[Site "Avoine FRA"]
[Date "2003.07.21"]
[Round "3"]
[White "Istratescu,A"]
[Black "Payen,A"]
[Result "1/2-1/2"]
[WhiteElo "2586"]
[BlackElo "2363"]

1.d4 d5 2.c4 c6 3.Nf3 Nf6 4.e3 e6 5.Nc3 a6 6.a3 Bd6 7.Qc2 Nbd7 8.e4 e5 9.cxd5 cxd5
10.exd5 exd4 11.Nxd4 Nb6 12.Bg5 Nbxd5 13.Nxd5 Qa5+ 14.Qc3 Qxd5 15.Bxf6 gxf6
16.Qe3+ Qe5 17.O-O-O Qxe3+ 18.fxe3 Ke7 19.Bd3 Be6 20.Nf5+ Bxf5 21.Bxf5 h5
22.h4 Rhg8 23.Be4 Rac8+ 24.Kb1 b5 25.Bf3 Rc5 26.Rd2 Rd8 27.e4 Bg3 28.Rc2 Rdc8
29.Re2 a5 30.Ka2 Rb8 31.Rd1 Bxh4 32.Red2 Rc7 33.Bxh5 b4 34.axb4 Rxb4 35.Rd4 Rcb7
36.R1d2 Be1 37.Rxb4 Rxb4 38.Re2 Bg3 39.Bg4 Be5  1/2-1/2

[Event "3rd Savaria Summer Open"]
[Site "Szombathely HUN"]
[Date "2003.07.21"]
[Round "3"]
[White "Feletar,D"]
[Black "Szollosi,L jr"]
[Result "1/2-1/2"]
[WhiteElo "2420"]
[BlackElo "2261"]

1.c4 c6 2.Nf3 d5 3.e3 Nf6 4.Nc3 e6 5.d4 Nbd7 6.Bd3 Bb4 7.O-O O-O 8.a3 Bxc3
9.bxc3 Qa5 10.Qc2 Re8 11.cxd5 exd5 12.c4 Ne4 13.Bb2 Nf8 14.Rfc1 Qd8 15.a4 Bf5
16.Ba3 g5 17.Bxf8 Kxf8 18.cxd5 cxd5 19.Qc7 g4 20.Ne5 Re7 21.Qxd8+ Rxd8 22.Bxe4 dxe4
23.Rc5 Be6 24.a5 f6 25.Nc4 Bxc4 26.Rxc4 b5 27.axb6 axb6 28.Rc6 Kg7 29.Rxb6 Rc8
30.Rab1 Kg6 31.h3 gxh3 32.gxh3 Rc2 33.Kg2 Ra7 34.R1b2 Ra2 35.Rxc2 Rxc2 36.Kg3 h5
37.f3 exf3 38.Kxf3 Rh2 39.Kg3 Re2 40.Re6 Kf7 41.Re4 Re1 42.Kf2 Rh1 43.h4 f5
44.Rf4 Ke6 45.Kg2 Re1 46.Rf3 Re2+ 47.Kg3 Kf6 48.Kh3 Ke6 49.Kg3 Kf6 50.Kf4 Rh2
51.Kg3  1/2-1/2

[Event "ch-GBR"]
[Site "Edinburgh SCO"]
[Date "2003.07.22"]
[Round "8"]
[White "Wells,P"]
[Black "Motwani,P"]
[Result "1/2-1/2"]
[WhiteElo "2481"]
[BlackElo "2525"]

1.d4 Nf6 2.c4 c6 3.Nc3 d5 4.e3 e6 5.Nf3 Nbd7 6.Bd3 dxc4 7.Bxc4 b5 8.Bd3 Bd6
9.Qc2 Bb7 10.Bd2 Rc8 11.a3 c5 12.Nxb5 Bb8 13.Qd1 O-O 14.Be2 Ne4 15.O-O Qf6
16.Nc3 Nxd2 17.Qxd2 Rfd8 18.Rfd1 Nb6 19.Qd3 cxd4 20.exd4 Qh6 21.g3 Nd5 22.Ne4 Ne7
23.Nc3 Nf5 24.d5 Bxd5 25.Nxd5 Rxd5 26.Qa6 Rdc5 27.Rd2 Qf6 28.Rad1 g6 29.Qb7 Kg7
30.Qe4 Re8 31.Bb5 Rec8 32.Ba6 Re8 33.Bb5 Rec8 34.Ba6  1/2-1/2

[Event "65th NY Masters"]
[Site "New York USA"]
[Date "2003.07.22"]
[Round "1"]
[White "Bercys,S"]
[Black "Shabalov,A"]
[Result "0-1"]
[WhiteElo "2264"]
[BlackElo "2575"]

1.d4 Nf6 2.c4 e6 3.Nf3 d5 4.Nc3 c6 5.e3 Nbd7 6.Bd3 dxc4 7.Bxc4 b5 8.Bd3 Bb7
9.O-O a6 10.e4 c5 11.d5 Qc7 12.Qe2 c4 13.Bc2 Bd6 14.dxe6 fxe6 15.Nd4 Nc5
16.f4 e5 17.Nf5 O-O 18.Nxd6 Qxd6 19.fxe5 Qxe5 20.Bf4 Qe6 21.e5 Nd5 22.Nxd5 Bxd5
23.Bg3 Qc6 24.Rfd1 Rad8 25.Rd2 Be4 26.Rd6 Rxd6 27.exd6 Bxc2 28.Qxc2 Nd3 29.Qe2 Re8
30.Qg4 Qc5+ 31.Kh1 Qxd6 32.Qxc4+ bxc4 33.Bxd6 Re2 34.Ba3 Kf7 35.Rf1+ Ke6
36.Kg1 Nxb2 37.Rf2 Re1+ 38.Rf1 Rxf1+ 39.Kxf1 c3 40.Ke2 Kd5 41.Bf8 g6 42.Ba3 Ke4
43.Bb4 c2 44.Ba3 c1=Q  0-1

[Event "KB Czech Open"]
[Site "Pardubice CZE"]
[Date "2003.07.22"]
[Round "5"]
[White "Michenka,J"]
[Black "Borovikov,V"]
[Result "1/2-1/2"]
[WhiteElo "2357"]
[BlackElo "2590"]

1.d4 d5 2.c4 c6 3.Nc3 Nf6 4.e3 e6 5.Nf3 Nbd7 6.Bd3 dxc4 7.Bxc4 b5 8.Bd3 Bb7
9.O-O a6 10.e4 c5 11.d5 Qc7 12.dxe6 fxe6 13.Qe2 c4 14.Bc2 Bd6 15.Nd4 Nc5
16.f4 e5 17.Nf5 O-O 18.Nxd6 Qxd6 19.fxe5 Qxe5 20.Bf4 Qe6 21.e5 Nd5 22.Nxd5 Bxd5
23.Bg3 Qc6 24.Rxf8+ Rxf8 25.Rc1 Be4 26.Bxe4 Nxe4 27.Qe3 Nc5 28.b3 Ne6 29.bxc4 bxc4
30.Rc3 Rd8 31.h3 Rd4 32.Kh2 Qd5 33.Rc2 h5 34.h4 Qe4 35.Qxe4 Rxe4 36.Rb2 Kf7
37.Rb6 a5 38.Rc6 a4 39.a3 Nd4 40.Rc7+ Ke6 41.Rxg7 Nb5 42.Rb7 Nxa3 43.Rb4 Nc2
44.Rxa4 Ne3 45.Ra6+ Kd5 46.Rd6+ Kc5 47.Bf2 Rxe5 48.Rd8 Kb4 49.Rb8+ Ka4 50.Kg3 Nd5
51.Bd4 Re4 52.Bh8 Rg4+ 53.Kf3 Rxh4 54.g3 Rg4 55.Rd8 Nf4 56.Ra8+ Kb3 57.Ra5 Rg8
58.Rxh5 c3 59.Bxc3 Kxc3 60.Re5 Nd3 61.Re3 Kd4 62.Re4+ Kd5 63.Ra4 Ne5+ 64.Kg2 Nc4
65.Ra7 Ke4 66.Ra4 Kd3 67.Rb4 Ne3+ 68.Kf3 Nf5 69.Rb3+ Kc4 70.Rb7 Nxg3 71.Rc7+ Kd5
72.Rd7+ Ke6 73.Ra7 Nf5 74.Ra6+ Nd6 75.Ra5 Rb8 76.Ra6 Rb4 77.Ke3 Ke5 78.Ra5+ Nb5
79.Kf3 Kf5 80.Ke3 Rb3+ 81.Kd2 Ke4 82.Ra8 Rb2+ 83.Ke1 Nd4 84.Re8+ Kd3 85.Rd8 Re2+
86.Kf1 Re6 87.Kf2 Rf6+ 88.Kg3 Ke4 89.Re8+ Ne6 90.Re7 Ke3 91.Kg4 Rf4+ 92.Kg3 Re4
93.Ra7 Nc5 94.Ra3+ Nd3 95.Rc3 Re8 96.Ra3 Rg8+ 97.Kh4 Rg1 98.Ra4 Nc5 99.Ra3+ Kf4
100.Kh3 Rg8 101.Ra5 Ne4 102.Ra4 Rg7 103.Rd4 Ke3 104.Ra4 Nc5 105.Ra3+ Kf4
106.Ra5 Rg5 107.Ra3 Rd5 108.Ra5 Rd3+ 109.Kh4 Rc3 110.Kh5 Kf5 111.Kh4  1/2-1/2

[Event "US Senior Open"]
[Site "Wilmington USA"]
[Date "2003.07.22"]
[Round "4"]
[White "Gulko,B"]
[Black "Kaufman,La"]
[Result "1-0"]
[WhiteElo "2583"]
[BlackElo "2389"]

1.d4 d5 2.c4 e6 3.Nc3 c6 4.e3 Nf6 5.Nf3 Nbd7 6.Bd3 dxc4 7.Bxc4 b5 8.Bd3 Bd6
9.O-O O-O 10.a3 Bb7 11.e4 e5 12.Bg5 Re8 13.Bc2 a6 14.h3 h6 15.Be3 Bc7 16.Re1 Qe7
17.Nh4 Rad8 18.Nf5 Qf8 19.Qf3 exd4 20.Bxd4 Be5 21.Be3 c5 22.Rad1 Nb6 23.Rxd8 Rxd8
24.Bf4 Bxf4 25.Qxf4 Ne8 26.e5 Nc4 27.Qh4 Rd2 28.e6 f6 29.Qg3 Rxc2 30.e7  1-0

[Event "BCSA Open"]
[Site "Batumi GEO"]
[Date "2003.07.23"]
[Round "7"]
[White "Mejinian,E"]
[Black "Kodua,D"]
[Result "0-1"]
[WhiteElo "2187"]
[BlackElo "2260"]

1.d4 d5 2.c4 c6 3.Nc3 Nf6 4.Nf3 e6 5.e3 Bd6 6.Bd3 Nbd7 7.O-O O-O 8.b3 b6
9.Bb2 Bb7 10.Rc1 Rc8 11.e4 dxe4 12.Nxe4 Nxe4 13.Bxe4 Nf6 14.Bb1 c5 15.Ne5 cxd4
16.Qxd4 Rc5 17.Rfd1 Rxe5 18.Kf1 Bxg2+ 19.Kxg2 Qa8+ 20.Kg1 Rg5+ 21.Kf1 Be5  0-1

[Event "BCSA Open"]
[Site "Batumi GEO"]
[Date "2003.07.23"]
[Round "7"]
[White "Bagaturov,G"]
[Black "Tkeshelashvili,S"]
[Result "1/2-1/2"]
[WhiteElo "2462"]
[BlackElo "2321"]

1.d4 d5 2.c4 c6 3.Nf3 Nf6 4.Nc3 e6 5.e3 Nbd7 6.Bd3 dxc4 7.Bxc4 b5 8.Bd3 Bb7
9.O-O b4 10.Ne4 Nxe4 11.Bxe4 Nf6 12.Bd3 a6 13.Qc2 c5 14.dxc5 Qc7 15.Qa4+ Qd7
16.Bc2 Bxc5 17.Qa5 Bd6 18.Ba4 Bc6 19.Bxc6 Qxc6 20.Bd2 Qb7 21.Rfd1 O-O 22.Be1 Rfd8
23.Rac1 Nd5 24.Nd4 Bc7 25.Qa4 a5 26.Qc6 Qb8 27.g3 Rd6 28.Qc4 Bb6 29.Nc6 Qf8
30.e4 Nc7 31.Rd3 Na6 32.e5 Rxd3 33.Qxd3 Nc7 34.a3 bxa3 35.bxa3 Nd5 36.a4 h6
37.Qb5 Qa3 38.Rd1 Qc5 39.Rb1 Qc2 40.Rb2 Qd1 41.Rb1 Qc2 42.Rb2 Qd1 43.Rb1  1/2-1/2

[Event "KB Czech Open"]
[Site "Pardubice CZE"]
[Date "2003.07.23"]
[Round "6"]
[White "Burmakin,V"]
[Black "Sandipan,C"]
[Result "1/2-1/2"]
[WhiteElo "2575"]
[BlackElo "2469"]

1.d4 d5 2.c4 e6 3.Nf3 Nf6 4.Nc3 c6 5.e3 Nbd7 6.Qc2 Bd6 7.Bd3 O-O 8.O-O dxc4
9.Bxc4 b5 10.Be2 Bb7 11.Rd1 Qc7 12.e4 e5 13.g3 Rfe8 14.dxe5 Nxe5 15.Bg5 b4
16.Bxf6 gxf6 17.Nb1 Nxf3+ 18.Bxf3 c5 19.Nd2 Be5 20.Rac1 Rad8 21.Bg4 Bd4 22.Bf5 Bc8
23.Bxc8 Qxc8 24.Re1 Qe6 25.Nb3 c4 26.Qxc4 Bxb2 27.Qxe6 Rxe6 28.Rc5 Re5 29.Rxe5 fxe5
30.Kf1 Bc3 31.Rc1 Kg7 32.Ke2 Rd6 33.Rc2 Ra6 34.Kd3 Kg6 35.Nc5 Rd6+ 36.Ke2 Kg5
37.f3 h5 38.a3 a5 39.Nb3 Rb6 40.h4+ Kg6 41.a4 f5 42.Rc1 Rc6 43.Rd1 fxe4 44.fxe4 Bd4
45.Nxa5 Rc3 46.Rd3 Ra3 47.Rxa3 bxa3 48.Nb3 a2 49.a5 a1=Q 50.Nxa1 Bxa1 51.a6 Bd4
52.Kf3 Kh6 53.g4 hxg4+  1/2-1/2

[Event "MTO"]
[Site "Biel SUI"]
[Date "2003.07.24"]
[Round "4"]
[White "Avrukh,B"]
[Black "Al Modiahki,M"]
[Result "1/2-1/2"]
[WhiteElo "2557"]
[BlackElo "2574"]

1.d4 d5 2.c4 c6 3.Nc3 Nf6 4.e3 e6 5.Nf3 Nbd7 6.Bd3 dxc4 7.Bxc4 b5 8.Bd3 Bb7
9.a3 b4 10.Ne4 Nxe4 11.Bxe4 bxa3 12.O-O Bd6 13.b4 Nf6 14.Bd3 Nd5 15.Bxa3 Nxb4
16.Bxb4 Bxb4 17.Ne5 a5 18.Qh5 Qc7 19.Rfc1 g6 20.Qh6 Bf8 21.Qg5 Be7  1/2-1/2

[Event "25th Politiken Cup"]
[Site "Copenhagen DEN"]
[Date "2003.07.25"]
[Round "11"]
[White "Carstensen,J"]
[Black "Rorvik,J"]
[Result "1/2-1/2"]
[WhiteElo "2275"]
[BlackElo "2162"]

1.d4 d5 2.c4 e6 3.Nc3 c6 4.e3 Nf6 5.Nf3 Nbd7 6.Bd3 Bd6 7.O-O O-O 8.e4 dxc4
9.Bxc4 e5 10.Bg5 Qe7 11.d5 Nb6 12.Be2 cxd5 13.Bxf6  1/2-1/2

[Event "ch-GBR"]
[Site "Edinburgh SCO"]
[Date "2003.07.25"]
[Round "11"]
[White "Moore,G"]
[Black "Guthrie,D"]
[Result "1/2-1/2"]
[WhiteElo "2252"]
[BlackElo "2183"]

1.Nf3 d5 2.c4 c6 3.d4 Nf6 4.Nc3 e6 5.e3 Nbd7 6.Bd3 dxc4 7.Bxc4 b5 8.Bd3 a6
9.e4 c5 10.d5 c4 11.Bc2 Qc7 12.O-O Bb7 13.dxe6 fxe6 14.Ng5 Nc5 15.e5 Qxe5  1/2-1/2

[Event "ch-NED Open"]
[Site "Dieren NED"]
[Date "2003.07.26"]
[Round "5"]
[White "Brokken,D"]
[Black "Schmitz,Ma"]
[Result "1-0"]
[WhiteElo "2187"]
[BlackElo "2094"]

1.Nf3 Nf6 2.c4 e6 3.Nc3 d5 4.d4 c6 5.e3 Nbd7 6.Bd3 Bd6 7.e4 dxe4 8.Nxe4 Nxe4
9.Bxe4 Nf6 10.Bc2 O-O 11.O-O h6 12.Qe2 b6 13.Ne5 Bb7 14.b3 c5 15.dxc5 Bxc5
16.Bb2 Qc7 17.Rad1 Rad8 18.Rfe1 Bb4 19.Rf1 Ba8 20.Ng4 Nxg4 21.Qxg4 f5 22.Qg6 Qf7
23.Qg3 Qb7 24.f3 Qe7 25.Kh1 Bc6 26.Qe5 a5 27.Bd4 Bd6 28.Qe3 Bc5 29.Bxc5 bxc5
30.h3 Rxd1 31.Rxd1 e5 32.Re1 e4 33.fxe4 f4 34.Qf3 Qe5 35.Rf1 Qb2 36.Qd3 Qxa2
37.e5 Rf7 38.e6 Rf6 39.Qd8+ Rf8 40.e7 Re8 41.Qd3 Rxe7 42.Rxf4 g5 43.Qg6+ Rg7
44.Qe6+  1-0

[Event "IM"]
[Site "Aarhus DEN"]
[Date "2003.07.27"]
[Round "1"]
[White "Pedersen,Da"]
[Black "Christenson,F"]
[Result "1-0"]
[WhiteElo "2360"]
[BlackElo "2261"]

1.d4 e6 2.c4 d5 3.Nc3 c6 4.e3 Nf6 5.Nf3 Nbd7 6.Be2 Bd6 7.Qc2 O-O 8.b3 Qe7
9.O-O dxc4 10.bxc4 e5 11.Bb2 Re8 12.Rae1 b6 13.Ng5 h6 14.Nge4 exd4 15.Nxd6 Qxd6
16.Rd1 d3 17.Bxd3 Qc5 18.Ne4 Qe7 19.Qc3 Rd8 20.Bb1 Ne8 21.Qc2 Nf8 22.Rxd8 Qxd8
23.Rd1 Qe7 24.Qc3 f6 25.c5 b5 26.Nd6 Be6 27.Be4 Rd8 28.Ba3 Bd7 29.Bf3 Qe6
30.Nxb5 Kh8 31.Nd4 Qxa2 32.Nxc6 Rc8 33.Ne7 Rc7 34.Nd5 Rc8 35.Ra1  1-0